Bianca e Gernando : (Record no. 152070)

MARC details
000 -LEADER
campo de control de longitud fija 00781nam a2200193 i 4500
001 - NÚMERO DE CONTROL
campo de control 152070
003 - IDENTIFICADOR DE NÚMERO DE CONTROL
campo de control ES-MaACL
005 - FECHA Y HORA DE LA ÚLTIMA TRANSACCIÓN
campo de control 20230906204523.0
008 - DATOS DE LONGITUD FIJA--INFORMACIÓN GENERAL
campo de control de longitud fija 051011s1831 sp | |||||||| ||spa d
100 1# - ENTRADA PRINCIPAL--NOMBRE DE PERSONA
Nombre de persona Gilardini, Domenico.
9 (RLIN) 156676
245 10 - MENCIÓN DEL TÍTULO
Título Bianca e Gernando :
Resto del título dramma in due atti = Blanca y Gernando : drama en dos actos, que se ha de representar en los teatros de esta corte /
Mención de responsabilidad, etc. [Domenico Gilardini].
246 3# - FORMA VARIANTE DEL TITULO
Título propio/Titulo breve Blanca y Gernando :
Resto del título drama en dos actos
260 ## - PUBLICACIÓN, DISTRIBUCIÓN, ETC.
Lugar de publicación, distribución, etc. Madrid :
Nombre del editor, distribuidor, etc. [s.n.],
Fecha de publicación, distribución, etc. 1831 (
Fabricante Imp. de I. Sancha)
300 ## - DESCRIPCIÓN FÍSICA
Extensión 57 p. ;
Dimensiones 17 cm.
500 ## - NOTA GENERAL
Nota general Sólo la letra.
546 ## - NOTA DE IDIOMA
Nota de lengua/lenguaje Texto en italiano y español.
594 ## - Nota al título y mención de responsabilidad
Nota al título y mención de responsabilidad Autor tomado de p. 5
852 4# - LOCALIZACIÓN
Ubicación ES-MaACL
Número de control de estantería T-737-F-6
Nota libre - Enc. hol., falto de cub. original
-- - Enc. en un vol. facticio
Holdings
Estatus retirado Estado de pérdida Estado de daño No para préstamo Colección Biblioteca de origen Biblioteca actual Ubicación en estantería Fecha de adquisición Total de préstamos Signatura topográfica completa Código de barras Visto por última vez Precio de reemplazo Tipo de ítem Koha
        Colección de folletos Biblioteca del Ateneo de Madrid Biblioteca del Ateneo de Madrid Depósito folletos 17/01/2008   T-737-F-6 1158737 23/02/2023 23/02/2023 Folleto